[Event "NED-ch U13"]
[Site "Rijswijk"]
[Date "2011.06.03"]
[Round "4"]
[White "Lecomte, Robin"]
[Black "Slomczewski, Michal"]
[Result "1-0"]
[WhiteElo "1770"]
[BlackElo "1578"]
[PlyCount "153"]
[EventDate "2011.06.02"]
[EventType "swiss"]
[EventRounds "9"]
[EventCountry "NED"]
[SourceTitle "EXT 2012"]
[Source "ChessBase"]
[SourceDate "2011.11.24"]
[SourceVersion "1"]
[SourceVersionDate "2011.11.24"]
[SourceQuality "1"]

1. Nf3 Nc6 2. g3 g6 3. d4 d5 4. Bg2 Nf6 5. 0-0 Bg7 6. c4 e6 7. Bg5 0-0 8. cxd5 exd5 9. Nc3 Be6 10. Ne5 Ne7 11. Rc1 c6 12. Na4 h6 13. Bxf6 Bxf6 14. Nc5 Qc8 15. Qb3 Rb8 16. Ncd3 Qd8 17. Rfd1 Qb6 18. Qxb6 axb6 19. Rc3 Ra8 20. a3 Nf5 21. e3 Nd6 22. Rdc1 Rfd8 23. h4 Bf5 24. f3 Bxe5 25. Nxe5 f6 26. Nd3 Nc4 27. e4 Be6 28. Nf4 Bf7 29. exd5 cxd5 30. Rb3 Rac8 31. Rbc3 Rc6 32. b3 Na5 33. Rxc6 bxc6 34. Nd3 Rc8 35. Bh3 Rc7 36. Rc3 Nb7 37. Nb2 f5 38. Bf1 Nd8 39. Na4 Rb7 40. Kf2 Kf8 41. Bd3 Ke7 42. h5 Kf6 43. hxg6 Bxg6 44. Nb2 Kg7 45. g4 fxg4 46. fxg4 Rf7+ 47. Kg3 Bxd3 48. Nxd3 Ra7 49. a4 Rc7 50. Nb4 Kf6 51. Nxd5+ cxd5 52. Rxc7 Ne6 53. Rc6 Kf7 54. Rxe6 Kxe6 55. b4 Kd6 56. Kf4 Ke6 57. a5 bxa5 58. bxa5 Kd6 59. Kf5 Kc6 60. Ke5 Kb5 61. Kxd5 Kxa5 62. Kc6 Kb4 63. d5 Kc4 64. d6 Kd4 65. d7 Ke4 66. d8Q Kf4 67. Qh4 Kf3 68. g5 hxg5 69. Qxg5 Ke4 70. Kd6 Kd4 71. Qf4+ Kd3 72. Kd5 Kc3 73. Qc4+ Kd2 74. Ke4 Kd1 75. Qa2 Ke1 76. Ke3 Kf1 77. Qf2# 1-0

[Event "NED-ch U13"]
[Site "Rijswijk"]
[Date "2011.06.02"]
[Round "1"]
[White "De Groot, Jacob"]
[Black "Slomczewski, Michal"]
[Result "0-1"]
[WhiteElo "1395"]
[BlackElo "1578"]
[PlyCount "94"]
[EventDate "2011.06.02"]
[EventType "swiss"]
[EventRounds "9"]
[EventCountry "NED"]
[SourceTitle "EXT 2012"]
[Source "ChessBase"]
[SourceDate "2011.11.24"]
[SourceVersion "1"]
[SourceVersionDate "2011.11.24"]
[SourceQuality "1"]

1. e4 c5 2. Nc3 e6 3. f4 Nc6 4. Bb5 Qc7 5. d3 Nge7 6. Nf3 d6 7. 0-0 g6 8. Be3 Bg7 9. Qe1 Bd7 10. Qf2 b6 11. d4 cxd4 12. Nxd4 Nxd4 13. Bxd7+ Kxd7 14. Bxd4 Bxd4 15. Qxd4 Qc5 16. Qxc5 bxc5 17. Rad1 Kc6 18. Rfe1 Rhd8 19. b3 Rd7 20. Kf2 Rad8 21. Ne2 d5 22. exd5+ Rxd5 23. Nc3 Rd2+ 24. Rxd2 Rxd2+ 25. Re2 Rd4 26. Re4 Nd5 27. Rxd4 cxd4 28. Nxd5 Kxd5 29. Kf3 f6 30. h4 e5 31. g4 e4+ 32. Ke2 Kc5 33. a3 a5 34. Kd2 f5 35. g5 a4 36. Ke2 axb3 37. cxb3 d3+ 38. Ke3 Kd5 39. a4 Kc5 40. Kd2 Kd4 41. a5 e3+ 42. Kd1 Kc3 43. a6 e2+ 44. Ke1 d2+ 45. Kxe2 Kc2 46. a7 d1Q+ 47. Ke3 Qg1+ 0-1

[Event "NED-ch U13"]
[Site "Rijswijk"]
[Date "2011.06.02"]
[Round "2"]
[White "Slomczewski, Michal"]
[Black "Franken, Floyd"]
[Result "1-0"]
[WhiteElo "1578"]
[BlackElo "1158"]
[PlyCount "121"]
[EventDate "2011.06.02"]
[EventType "swiss"]
[EventRounds "9"]
[EventCountry "NED"]
[SourceTitle "EXT 2012"]
[Source "ChessBase"]
[SourceDate "2011.11.24"]
[SourceVersion "1"]
[SourceVersionDate "2011.11.24"]
[SourceQuality "1"]

1. e4 e5 2. Nf3 Nc6 3. Bb5 Nf6 4. Nc3 Bc5 5. 0-0 d6 6. h3 0-0 7. d3 h6 8. Be3 Bb6 9. Bxc6 bxc6 10. Re1 Nh5 11. Nxe5 dxe5 12. Qxh5 Qf6 13. Kh2 Bxe3 14. fxe3 Kh7 15. Qf3 Qh4 16. Qg3 Qxg3+ 17. Kxg3 f5 18. exf5 Bxf5 19. e4 Be6 20. Rf1 Rab8 21. b3 Rfd8 22. Kf3 Rf8+ 23. Ke3 Rfd8 24. Ne2 c5 25. Nc3 c6 26. Na4 Rb5 27. Nb2 Rbb8 28. Nc4 Bxc4 29. dxc4 Kg6 30. Rad1 Re8 31. Rd6+ Kh7 32. Rxc6 Rbc8 33. Rd6 Rc7 34. Rd5 g6 35. Rf6 Kg7 36. Rfd6 Ree7 37. Ra6 Kh7 38. Ra5 Rc6 39. Raxc5 Rxc5 40. Rxc5 Kg7 41. Rc6 Kf7 42. a4 Rd7 43. Rc5 Re7 44. Rd5 Kg7 45. c5 Kf6 46. c4 Rc7 47. b4 Ke6 48. Kd3 Kf6 49. b5 Ke6 50. b6 axb6 51. cxb6 Rb7 52. a5 Kf6 53. c5 Ke6 54. c6 Rb8 55. c7 Rc8 56. Rd8 Rxd8+ 57. cxd8Q g5 58. b7 h5 59. b8Q Kf7 60. Qg8+ Kf6 61. Qd6# 1-0